Намереното лисиче (Запис номер 53417)
[ съкратено ]
| 000 -Лидер | |
|---|---|
| Контролно поле с фиксирана дължина | 01421nam a2200349 c 4500 |
| 003 - Код на организацията, давaща контролен номер | |
| Контролно поле | BLK |
| 005 - Дата и час на последна редакция | |
| Контролно поле | 20220623143445.0 |
| 008 - Елементи от данни с фиксирана дължина | |
| fixed length control field | 180408b bul|||||r ||||||| ||bul|| |
| 010 ## - Наследен системен номер | |
| LC control number | KNG00057354000 |
| 040 ## - Източник на каталожния запис | |
| Идентификатор на билиотеката - собственик на записа | BLK |
| 041 ## - Код за език | |
| Код за езика на текст/звукозапис или на отделно заглавие | Български |
| Код за езика КДБФ | Български |
| 080 ## - УДК | |
| Текстов определител УДК | Немска литература |
| УДК код - определител по УДК | 821.112.2 |
| УДК определител | -93-32 |
| УДК - код + определител | 821.112.2-93-32 |
| 100 1# - Редна дума - Автор | |
| Автор | Коршунов, Ирина |
| Авторска отговорност | първи автор |
| R(LIN) | 285027 |
| 139 ## - Редно поле | |
| Редна дума | Коршунов, Ирина |
| Авторски знак | Кор - К 85 |
| 245 10 - Сведения за заглавието | |
| Заглавие | Намереното лисиче |
| Подзаглавни данни | Как малкото лисиче си намери майка : Повест |
| Редно поле (дума) | Ирина Коршунов; прев. от нем. Мирина Тончева; худож. Камен Стоянов. |
| 257 ## - Страна на издаване | |
| Страна на създаване/издаване | Германия |
| 260 ## - Област на издателските данни | |
| Име на издателя, разпространителя и проч. | Отечество |
| Година на издаване | 1988 |
| Печатница | Русе : печ. Дунав |
| 300 ## - Физическа характеристика | |
| Страници | 24 с. |
| Илюстрации и др. | с цв. ил. |
| Размери/Мащаб | 21Х28 см |
| 380 ## - Жанр | |
| Жанр | Детска худож. лит. |
| 490 ## - СЕРИИ (Колекции) | |
| Име на серия | Библиотека Сънчо |
| 9 (RLIN) | 205309 |
| 500 ## - Общи забележки | |
| Забележка | Ориг. загл. Der Findefuchs / Irina Korschunow. |
| 653 ## - Ключова дума – ненормативна | |
| Ключова дума | повести |
| 653 ## - Ключова дума – ненормативна | |
| Ключова дума | литература за деца |
| 653 ## - Ключова дума – ненормативна | |
| Ключова дума | детска литература |
| 700 1# - Други автори (авторска отговорност) | |
| Лично име | Тончева, Мирина |
| Автороска отговорност (Описва отношението между автора и произведението) | прев. от нем. |
| 9 (RLIN) | 285028 |
| 700 1# - Други автори (авторска отговорност) | |
| Лично име | Стоянов, Камен |
| Автороска отговорност (Описва отношението между автора и произведението) | худож. |
| 9 (RLIN) | 276575 |
| 852 ## - Местоположение | |
| Форматна сигнатура | Цб 252201 |
| 856 4# - Електронен адрес и достъп | |
| Електронен формат | pdf - файл |
| 856 4# - Електронен адрес и достъп | |
| Електронен формат | pdf - файл |
| 999 ## - СИСТЕМНИ КОНТРОЛНИ НОМЕРА | |
| Koha biblionumber | 53417 |
| Koha biblioitemnumber | 53417 |
| 942 ## - АРТИКУЛИ | |
| Вид на библиотечния материал | Книги |
| Скрит в OPAC | Не |
| Koha issues (borrowed), all copies | 1 |
| Периодичен библиозапис | Да |
| 944 ## - СЪЗДАВАНЕ И РЕДАКЦИЯ на ЗАПИСА | |
| Създаване/Редакция | Създаване |
| Дата на регистрацията/редакция | 29.06.2011 |
| Статус, дата на статуса | ф / |
| Служител, извършил регистрацията/редакцията | Людмила_Стоянова |
| 944 ## - СЪЗДАВАНЕ И РЕДАКЦИЯ на ЗАПИСА | |
| Създаване/Редакция | Редакция |
| Дата на регистрацията/редакция | 15.08.2011 |
| Статус, дата на статуса | ф / |
| 999 ## - СИСТЕМНИ КОНТРОЛНИ НОМЕРА | |
| Koha biblioitemnumber | 53417 |
| Код за отписване | Код за изгубен артикул | Код за повреда | Коз за рестрикции | Код за отдаване | Артикулен № | Име на библиотеката - собственик | Име на библиотеката, в която се намира в момента | Статус (Текущо местоположение) | Дата на вписване в системата | Местоположение - отдел | Цена в лева | Инвентарен номер | Систематично азбучна сигнатура | Баркод | Номер на екземпляра | Цена в евро | Служебна бележка | Служебен тип на артикула | Източник на класификационната схема |
|---|---|---|---|---|---|---|---|---|---|---|---|---|---|---|---|---|---|---|---|
| Не е изгубен | Не е повреден | без рестрикции | заемане за дома | 84174 | Регионална библиотека "Любен Каравелов" Русе | Регионална библиотека "Любен Каравелов" Русе | Детски отдел | 2011-06-29 | Детски отдел | 1.50 | 120000751544 | ДХ 820/899/К 85 | 120000751544 | 1 | 0.77 | Дост: DA Вид: А N: 10 Дата: 29.06.2011 Дата инв: 12.08.2015 Бележки инв: Д2015 | Книги | ||
| Не е изгубен | Не е повреден | без рестрикции | ползва се в читалня | 84175 | Регионална библиотека "Любен Каравелов" Русе | Регионална библиотека "Любен Каравелов" Русе | Хранилище | 1988-01-01 | Хранилище | 0.52 | 496900 | Цб 252201 | 120000496900 | 2 | 0.27 | Дост: Dp Вид: Д N: стар фонд Дата: 01.01.1988 | Книги | Universal Decimal Classification | |
| Изтеглен | Не е изгубен | Не е повреден | без рестрикции | заемане за дома | 84176 | Регионална библиотека "Любен Каравелов" Русе | Регионална библиотека "Любен Каравелов" Русе | Детски отдел | 1988-01-01 | Детски отдел | 0.52 | 504851 | ДХ 820/899/К 85 | 504851 | 3 | 0.27 | Дост: Pk Вид: Ф N: стар фонд Дата: 01.01.1988 Дата инв: 18.09.2015 Бележки инв: Д2015 | Книги | Universal Decimal Classification |
| Не е изгубен | Не е повреден | без рестрикции | заемане за дома | 84177 | Регионална библиотека "Любен Каравелов" Русе | Регионална библиотека "Любен Каравелов" Русе | Детски отдел | 1988-01-01 | Детски отдел | 0.52 | 504852 | ДХ 820/899/К 85 | 120000504852 | 4 | 0.27 | Дост: Pk Вид: Ф N: стар фонд Дата: 01.01.1988 Дата инв: 12.08.2015 Бележки инв: Д2015 | Книги | Universal Decimal Classification | |
| Изтеглен | Не е изгубен | Не е повреден | без рестрикции | заемане за дома | 84178 | Регионална библиотека "Любен Каравелов" Русе | Регионална библиотека "Любен Каравелов" Русе | Детски отдел | 1988-01-01 | Детски отдел | 0.52 | 504853 | ДХ 820/899/К 85 | 504853 | 5 | 0.27 | Дост: Pk Вид: Ф N: стар фонд Дата: 01.01.1988 Дата инв: 15.09.2015 Бележки инв: Д2015 | Книги | Universal Decimal Classification |